Colors that begin with the letter P - Statistics

General Stats
  • This quiz has been taken 806 times
  • The average score is 7 of 19
Answer Stats
Hint Answer % Correct
Purple
97%
Pink
93%
Pea
61%
Periwinkle
61%
Puce
48%
Peach
46%
Plum
40%
Pear
38%
Pine Green
35%
Pumpkin
27%
Persimmon
25%
Papaya
17%
Powder Blue
16%
Platinum
15%
Prussian blue
13%
Peacock
11%
Pumice
11%
Palm
10%
Psychedelic Purple
7%
No matching quizzes found
Score Distribution
Percent of People with Each Score
Percentile by Number Answered
Your Score History
You have not taken this quiz